Movies Quiz

Random Movies or Actor Quiz

Movie Chain With a Common Thread Quiz Stats

 Plays Quiz not verified by Sporcle

Challenge
Share
Tweet
Embed
Score 0/26 Timer 05:00
0 Plays Today
Actors Movie Title % Correct
Woody Allen and Diane KeatonAnnie Hall
86.1%
Jodie Foster and Anthony HopkinsThe Silence of the Lambs
86.1%
Dustin Hoffman and Meryl StreepKramer vs Kramer
73.4%
Robert DeNiro and Jodie FosterTaxi Driver
71.2%
Anne Bancroft and Dustin HoffmanThe Graduate
70.5%
Warren Beatty and Faye DunawayBonnie and Clyde
63.9%
Faye Dunaway and Jack NicholsonChinatown
52.8%
Jack Nicholson and Shirley MacLaineTerms of Endearment
50.3%
Jane Fonda and Katharine HepburnOn Golden Pond
49.4%
Meryl Streep and Robert DeNiroThe Deer Hunter
44.2%
Diane Keaton and Warren BeattyReds
40%
Anthony Hopkins and Emma ThompsonThe Remains of the Day
31.4%
James Stewart and Katharine HepburnThe Philadelphia Story
30.4%
Actors Movie Title % Correct
Elizabeth Taylor and Paul NewmanCat on a Hot Tin Roof
30%
Katharine Hepburn and Spencer TracyGuess Who's Coming to Dinner
28.4%
Richard Burton and Elizabeth TaylorWho's Afraid of Virginia Woolf
26.6%
Katharine Hepburn and Peter O'TooleThe Lion in Winter
25.9%
Emma Thompson and Vanessa RedgraveHoward's End
24.7%
Paul Newman and George C. ScottThe Hustler
24.3%
Vanessa Redgrave and Jane FondaJulia
16.3%
Peter O'Toole and Richard BurtonBecket
13.3%
Shirley MacLaine and Anne BancroftThe Turning Point
12.6%
What do all these movies and all these actors and actresses, for the roles they played in these movies, have in common?Academy Award nomination
11.7%
George C. Scott and James StewartAnatomy of a Murder
9.4%
Montgomery Clift and Shelley WintersA Place in the Sun
8.2%
Spencer Tracy and Montgomery CliftJudgment at Nuremberg
6.7%

You're not logged in!

Compare scores with friends on all Sporcle quizzes.
OR
Log In

You Might Also Like...

Show Comments

Extras

Created Feb 21, 2010ReportNominate
Tags:Actor Quiz, common, connect, thread

Top Quizzes Today


Score Distribution

Your Account Isn't Verified!

In order to create a playlist on Sporcle, you need to verify the email address you used during registration. Go to your Sporcle Settings to finish the process.

Report this User

Report this user for behavior that violates our Community Guidelines.

Details: